000 00492nam a2200181Ia 4500
005 20250508163635.0
008 008 250505s9999 xx 000 0 hin d
037 _aTextual
040 _aFEDL
_beng
_cFEDL
041 _ahin
_2eng
084 _a891.43, SHA
_qFEDL
100 _aShanmukhan M
_9775859
245 0 _aMoolyabodh ki nai dishayen
260 _aDelhi, India
_bNavodya Prakashan
_c1991
300 _a88p
942 _cTEXL
_h891.43, SHA
999 _c1384479
_d1384479